| 000 | 00540 a2200169 4500 | ||
|---|---|---|---|
| 010 | _a 45001132 | ||
| 035 | _a(OCoLC)945334 | ||
| 082 | _a711.4 | ||
| 090 |
_c552 _d552 |
||
| 100 | 1 | _aHilberseimer, Ludwig. | |
| 245 | 1 | 4 |
_aThe new city; _bprinciples of planning, _cby L. Hilberseimer, with an introduction by Mies van der Rohe. |
| 260 |
_aChicago, _bP. Theobald, _c1944. |
||
| 300 |
_axv, 17-192 p. _billus. (incl. maps) diagrs. _c29 x 23 cm. |
||
| 500 | _a"First edition." | ||
| 650 | 0 | _aCity planning. | |
| 942 |
_aSADA _cBK _k711.4 HIL 1944 |
||
| 999 |
_c352664 _d352664 |
||